La República Argentina consolidada en 1880 : de la integridad nacional. Constitución de Mendoza. Tomo II /
Guardado en:
| Autor Principal: | |
|---|---|
| Formato: | Desconocido |
| Idioma: | Spanish |
| Publicado: |
Buenos Aires :
Luz del Día,
1952
|
| Series: | Obras escogidas
|
| Materias: | |
| Etiquetas: |
Agregar Etiqueta
Sin Etiquetas, Sea el primero en etiquetar este registro!
|
| LEADER | 00525nac a22001455a 4500 | ||
|---|---|---|---|
| 001 | DER.der015571 | ||
| 008 | 251201s1952####|||||||||||||||||#||spa|| | ||
| 005 | 20251201185436.0 | ||
| 245 | 1 | 0 | |a La República Argentina consolidada en 1880 : |b de la integridad nacional. Constitución de Mendoza. |n Tomo II / |c Juan B. Alberdi. |
| 260 | |a Buenos Aires : |b Luz del Día, |c 1952 | ||
| 300 | |a 386 p. | ||
| 440 | 0 | |a Obras escogidas | |
| 100 | 1 | |a Alberdi, Juan B. | |
| 650 | 7 | |a DERECHO CONSTITUCIONAL | |
| 859 | |a DERECHO |b BIB. DERECHO |h 323.5 |i ALB |p 007629 |3 Tomo II | ||
